=LDR 00000nam 2200000 4500 =001 INLIS000000000029896 =005 20130612132107 =008 ***********************************Ind** =035 ##$$0010-061300000029896 =041 ##$$a Ind =082 ##$$a 658.3 =090 ##$$a 658.3, Red c =100 ##$$a Redmond, Robert S =245 ##$$a Cara merekrut manajer yang baik dan cara mempertahankan mereka, Robert S. Redmond =260 ##$$a 19997 $b Jakarta =300 ##$$a 183 hlm, 23 cm =650 ##$$a Manajemen =850 ##$$a NBPNMAT